| 000 | 00771cam a22002415a 4500 | ||
|---|---|---|---|
| 001 | 17984389 | ||
| 005 | 20161116150455.0 | ||
| 008 | 131226t2014 inua fr 001 0 eng d | ||
| 020 | _a9781118841471 | ||
| 040 |
_aDLC _beng _cDLC _dEG-ScBUE |
||
| 082 | 0 | 4 |
_222 _a005.46 _bHAR |
| 100 | 1 | _aHarris, Nick. | |
| 245 | 1 | 0 |
_aBeginning iOS programming : _bbuilding and deploying ios applications / _cNick Harris. |
| 246 | 3 | 0 | _aiOS programming |
| 260 |
_aIndianapolis : _bWrox /John Wiley &Sons, _cc.2014. |
||
| 300 |
_axxiv, 312 p. ; _bill. ; _c24 cm. |
||
| 500 | _aIndex : p. 293-312. | ||
| 650 | 7 |
_aiPhone (Smartphone) _xProgramming. _2BUEsh |
|
| 650 | 7 |
_aApplication software _xDevelopment. _2BUEsh _94599 |
|
| 651 | _2BUEsh | ||
| 653 |
_bCOMSCI _cNovember2016 |
||
| 942 | _2ddc | ||
| 999 |
_c23169 _d23141 |
||